[Event "Mumbai Mayors Cup 1st"]
[Site "Mumbai"]
[Date "2008.05.11"]
[Round "1"]
[White "Krasenkow, Michal"]
[Black "Milind, Gode"]
[Result "1-0"]
[WhiteElo "2624"]
[BlackElo "1850"]
[PlyCount "52"]
[EventDate "2008.05.11"]
[EventType "swiss"]
[EventRounds "11"]
[EventCountry "IND"]
[SourceTitle "CBM 124 Extra"]
[Source "ChessBase"]
[SourceDate "2008.07.03"]
[SourceVersion "1"]
[SourceVersionDate "2008.07.03"]
[SourceQuality "1"]

1. Nf3 Nf6 2. c4 g6 3. Nc3 Bg7 4. e4 d6 5. d4 0-0 6. h3 c5 7. d5 Na6 8. Bd3 Bd7 9. Bg5 Nb4 10. Bb1 a5 11. a3 Na6 12. 0-0 Rb8 13. e5 dxe5 14. Nxe5 Nh5 15. d6 f6 16. dxe7 Qxe7 17. Nxd7 Rbd8 18. Be3 Rxd7 19. Nd5 Qe5 20. g4 Kh8 21. gxh5 f5 22. h6 Bf6 23. Bf4 Qe6 24. Re1 Qc6 25. Qe2 Rdf7 26. Kg2 Bc3 1-0